000 02470ncm0a2200445 4500
001 RU\NLR\ONIZ\224486
005 20250626145747.0
010 _a978-5-8114-3274-5
_bЛань
010 _a978-5-91938-589-9
_bПланета музыки
013 _a979-0-66005-303-4
_bПланета музыки
035 _a(NLR Aleph) 011903555
090 _a10896126
_c10896126
100 _a20181116d2018 |||y0rusy50 ca
101 0 _arus
102 _aRU
125 _azx
128 _aopf
145 0 _ac
200 1 _aМнимая садовница
_bНоты
_eзингшпиль в 2 актах
_eKV 196
_fВ. А. Моцарт
_gнемецкое либретто А. Кольтеллини, редакция оперы и версии либретто Ю. Димитрина
208 _aКлавир
210 _aСанкт-Петербург
_cЛань
_cПланета музыки
_d2018
215 _a243, [5] с
_cил.
_d29 см
225 1 _aКлавиры классических опер и оперетт в редакции Юрия Димитрина
313 _aСистематизация документа проведена по изданию - Методика классифицирования музыкальных произведений (нотных изданий) по таблицам Библиотечно-библиографических классификаций : метод. рекомендации / Гос. б-ка СССР им. В.И. Ленина.- М., 1977. Индексу ББК методических рекомендаций присваивается код ББК для научных библиотек - LBC/SL
606 1 _aЗингшпиль
_yАвстрия
_z18 в.
_2nlr_sh
686 _aЩ971(4А)Фп
_vLBC/SL
_2rubbk
700 1 _9z01790
_aМоцарт
_bВ. А.
_f1756-1791
_gВольфганг Амадей
_4230
_7ca
702 1 _9z02790
_aКольтеллини
_bА.
_4480
_7ca
702 1 _9z03790
_aДимитрин
_bЮ. Г.
_f1934-
_gЮрий Георгиевич
_4480
_7ca
790 1 _9z01700
_aMozart
_bW. A.
_f1756-1791
_gWolfgang Amadeus
_4230
_7ba
790 1 _9z02702
_aKol`tellini
_bA
_4480
_7ba
790 1 _9z03702
_aDimitrin
_bJ. G.
_f1934-
_gJurij Georgievič
_4480
_7ba
801 0 _aRU
_bNLR
_c20181116
_gPSBO
801 1 _aRU
_bNLR
_c20181116
_2rusmarc
801 2 _aRU
_bNLR
_c20191017
852 _aNLR
_bМ
_j986/981
_p267749
_t1
942 _cSCORE
980 _aNB
980 _aONIZ